Endocrine and neural regulation of animal body functions. /
Uložené v:
| Hlavní autori: | , |
|---|---|
| Médium: | Kniha |
| Jazyk: | English |
| Vydané: |
Košice :
Vysoká vojenská škola letectva gen. M.R. Štefánika,
1993
|
| Vydanie: | 1. vyd. |
| Témy: | |
| ISBN: |
8071660124 (brož.) |
| Fyzický popis: |
202 s. |
| Tagy: |
Pridať tag
Žiadne tagy, Buďte prvý kto otaguje tento záznam!
|
Titul je dostupný aj v ... 

MARC
| LEADER | 00000nam a2200000 a 4500 | ||
|---|---|---|---|
| 001 | 000042921 | ||
| 003 | SVKK | ||
| 005 | 20000906000000.0 | ||
| 008 | 950503s1993 xo e engo | ||
| 020 | |a 8071660124 (brož.) | ||
| 040 | |a SVKKK |b slo |c SVKKK |e AACR2 | ||
| 041 | 0 | |a eng | |
| 044 | |a xo |c SK | ||
| 080 | |a 591.147(075.8) |2 1997 | ||
| 080 | |a 591.18(075.8) |2 1997 | ||
| 080 | |a 619:616-092(075.8) |2 1997 | ||
| 100 | 1 | |a Halagan, Juraj |4 aut | |
| 245 | 1 | 0 | |a Endocrine and neural regulation of animal body functions. / |c Juraj Halagan, J. Varady |
| 250 | |a 1. vyd. | ||
| 260 | |a Košice : |b Vysoká vojenská škola letectva gen. M.R. Štefánika, |c 1993 | ||
| 300 | |a 202 s. | ||
| 653 | 0 | |a lekárstvo veterinárne |2 SVKKKPH | |
| 653 | 0 | |a endokrinológia |2 SVKKKPH | |
| 653 | 0 | |a neurológia |2 SVKKKPH | |
| 653 | 0 | |a učebnice VŠ |2 SVKKKPH | |
| 655 | 7 | |a učebnice vysokých škôl |2 SVKKKPH | |
| 700 | 1 | |a Varady, J. |4 aut | |
| 910 | |a svkkk | ||
| 919 | |a 80-7166-012-4 | ||
| 974 | |a MI |d 19950629 | ||
| 974 | |a KL |d 19950628 | ||
| 974 | |a PI |d 20000906 | ||
| 998 | |a BK | ||
| 090 | |g SCKHL |k Sklad Pribinova 3. posch. |a V.192772 |j 882239 |i 2720866049 |s Povinný výt. | ||